Movies Quiz

Random Movies or Director Quiz

Top 1980s Film Directors Quiz Stats

Quiz not verified by Sporcle

Challenge
Share
Tweet
Embed
Score 0/14 Timer 04:00
0 Plays Today
One of their 1980s films Name of Director % Correct
The Color PurpleSteven Spielberg
95.6%
Wall StreetOliver Stone
94.7%
GandhiRichard Attenborough
90.2%
The Purple Rose of CairoWoody Allen
88.9%
Ordinary PeopleRobert Redford
87.6%
RedsWarren Beatty
86.7%
Out of AfricaSydney Pollack
81.8%
One of their 1980s films Name of Director % Correct
The Last EmperorBernardo Bertolucci
78.2%
Broadcast NewsJames L. Brooks
67.1%
WitnessPeter Weir
64.4%
Good Morning, VietnamBarry Levinson
51.1%
RagtimeMilos Forman
44.9%
The MissionRoland Joffe
44%
Tender MerciesBruce Beresford
26.2%

You're not logged in!

Compare scores with friends on all Sporcle quizzes.
Sign Up with Email
OR
Log In

You Might Also Like...

Show Comments

Extras

Top Quizzes Today


Score Distribution

Your Account Isn't Verified!

In order to create a playlist on Sporcle, you need to verify the email address you used during registration. Go to your Sporcle Settings to finish the process.

Report this User

Report this user for behavior that violates our Community Guidelines.

Details: